000
00311nam a2200133Ia 4500
100
_a
Productivity Development Team
942
_c
BK
245
_a
Pull production for the Shopfloor
260
_b
Production Pres Inc
_c
2002
082
_a
658
_b
PDT
300
_a
102
546
_a
ENGLISH
_c
Info.Tech
999
_c
23831
_d
23831